3301-出雲市(島根県)の駅 - Statistics

General Stats
  • This quiz has been taken 6 times
  • The average score is 17 of 26
Answer Stats
Answer % Correct
出雲市
100%
西出雲
100%
出雲大社前
100%
荘原
83%
直江
83%
出雲神西
83%
電鉄出雲市
83%
川跡
83%
江南
67%
出雲科学館パークタウン前
67%
武志
67%
美談
67%
雲州平田
67%
湖遊館新駅
67%
小田
50%
田儀
50%
大津町
50%
大寺
50%
旅伏
50%
布崎
50%
50%
一畑口
50%
伊野灘
50%
高浜
50%
遙堪
50%
浜山公園北口
33%
No matching quizzes found
Score Distribution
Percent of People with Each Score
Percentile by Number Answered
Your Score History
You have not taken this quiz